| 000 | 02269nam0a2200313 4500 | ||
|---|---|---|---|
| 001 | RU\NLR\bibl\1196333 | ||
| 005 | 20260407174041.0 | ||
| 021 |
_aRU _b2008-606 _931 |
||
| 021 |
_aRU _b2008-13310 _9725 |
||
| 035 | _a(NLR Aleph) 001182857 | ||
| 090 |
_a1668433 _c1668433 |
||
| 100 | _a20080304d2006 |||y0rusy50 ca | ||
| 101 | 0 | _arus | |
| 102 | _aRU | ||
| 105 | _aa ||||||||| | ||
| 200 | 1 |
_aРасчет индивидуального и социального риска персонала в производственных зданиях _eучебно-методическое пособие для студентов очной и заочной дистанционной формы обучения специальности 280102 "Безопасность технологических процессов и производств в нефтегазовой отрасли" _fФедер. агентство по образованию, Гос. образоват. учреждение высш. проф. образования "Уфим. гос. нефт. техн. ун-т", Каф. пром. безопасности и охраны труда _g[сост.: Абдрахимов Ю.Р., проф., д.т.н., Закирова З.А., преп., к.т.н.] |
|
| 210 |
_aУфа _cИзд-во Уфимского государственного нефтяного технического университета _d2006 |
||
| 215 |
_a16 с. _cил. _d21 |
||
| 320 | _aБиблиогр.: с. 16 (10 назв.) | ||
| 606 | 1 |
_aПромышленные предприятия _jУчебно-методические пособия для высших учебных заведений _xПожарная охрана _91098059 _3RU\NLR\auth\66112459 |
|
| 686 | _aН962я73-1 | ||
| 702 | 1 |
_aАбдрахимов _bЮ. Р. _gЮнир Рахимович _4220 |
|
| 712 | 0 | 2 |
_4570 _aУфимский государственный нефтяной технический университет _bКафедра промышленной безопасности и охраны труда _3RU\NLR\AUTH\8810111312 _9722423 |
| 801 | 0 |
_aRU _bNLR _c20080304 _gRCR |
|
| 801 | 1 |
_aRU _bNLR _c20080304 |
|
| 830 | _aсост. по кн | ||
| 942 | _cBOOK | ||
| 980 | _aNB | ||